COMPUTER SCINCE & INFORMATION TECHNOLOGY (Record no. 42507)
[ view plain ]
| 000 -LEADER | |
|---|---|
| fixed length control field | 00288nam a2200121Ia 4500 |
| 008 - FIXED-LENGTH DATA ELEMENTS--GENERAL INFORMATION | |
| fixed length control field | 231120s9999 xx 000 0 und d |
| 082 ## - DEWEY DECIMAL CLASSIFICATION NUMBER | |
| Item number | GAT-C |
| 100 ## - MAIN ENTRY--PERSONAL NAME | |
| Personal name | GATE |
| 245 #0 - TITLE STATEMENT | |
| Title | COMPUTER SCINCE & INFORMATION TECHNOLOGY |
| 260 ## - PUBLICATION, DISTRIBUTION, ETC. | |
| Place of publication, distribution, etc. | DONATED |
| Name of publisher, distributor, etc. | MADE EASY |
| Date of publication, distribution, etc. | 2015 |
| 300 ## - PHYSICAL DESCRIPTION | |
| Extent | 540 |
| 942 ## - ADDED ENTRY ELEMENTS (KOHA) | |
| Koha item type | Donated Books |
| Withdrawn status | Lost status | Damaged status | Not for loan | Collection code | Permanent Location | Current Location | Shelving location | Date acquired | Cost, normal purchase price | Total Checkouts | Full call number | Barcode | Date last seen | Date last checked out | Price effective from | Koha item type |
|---|---|---|---|---|---|---|---|---|---|---|---|---|---|---|---|---|
| School of Computer Science | Maharishi School of Engineering & Technology (Lucknow) | Maharishi School of Engineering & Technology (Lucknow) | R9S2 | 2023-11-20 | 550.00 | 4 | 005 | DB7942 | 2026-04-17 | 2026-04-06 | 2023-11-20 | Donated Books |